000 01229 a2200253 4500
005 20090314112010.0
008 090314t xxu||||| |||| 00| 0 eng d
010 _aB-280418-419
020 _c395.00
_a0144000474
020 _c395.00
_a9780144000470
035 _aB-280418-419
037 _bUBH
040 _aDPL
_bEnglish
082 _a320.12
100 _aSaul, John Ralston
245 _aThe collapse of globalism and the reinvention of the world /
_cby John Ralston Saul
260 _aNew Delhi
_bPenguin Books India
_c2005
270 _bNew Delhi
_a11 Community Centre, Panchsheel Park, New Delhi
_e110017
300 _a308p
_c23cm(pbk)
942 _adpl
_cEN
_2ddc
_h320.12
_mSAU
999 _c25221
_d25221